| 000 | 01134cam a22003494a 4500 | ||
|---|---|---|---|
| 001 | muse78353 | ||
| 003 | MdBmJHUP | ||
| 005 | 20210127151421.0 | ||
| 006 | m o d | ||
| 007 | cr||||||||nn|n | ||
| 008 | 190327s2019 mau o 00 0 eng d | ||
| 010 | _z 2019938043 | ||
| 020 | _a9781643150048 | ||
| 020 | _z9781643150031 (pbk. : alk. paper) | ||
| 035 | _a(OCoLC)1106036251 | ||
| 040 |
_aMdBmJHUP _cMdBmJHUP |
||
| 100 | 1 | _aTanaka, Stefan. | |
| 245 | 1 | 0 |
_aHistory without Chronology _cStefan Tanaka. |
| 264 | 1 | _bLever Press, | |
| 264 | 3 | _bProject MUSE, | |
| 300 | _a1 online resource (pages cm) | ||
| 506 | 0 |
_aOpen Access _fUnrestricted online access _2star |
|
| 588 | _aDescription based on print version record. | ||
| 655 | 7 |
_aElectronic books. _2local |
|
| 710 | 2 |
_aProject Muse. _edistributor |
|
| 830 | 0 | _aBook collections on Project MUSE. | |
| 856 | 4 | 0 |
_zFull text available: _uhttps://muse.jhu.edu/book/68986/ |
| 999 |
_c25701 _d25701 |
||